| 000 | 01623nam a2200385 a 4500 | ||
|---|---|---|---|
| 003 | BLK | ||
| 005 | 20250425114324.0 | ||
| 008 | 180409b bul|||||r ||||||| ||bul|| | ||
| 010 | _aKNG00132563000 | ||
| 020 | _a9786192433024 | ||
| 040 | _aBLK | ||
| 041 |
_aBUL _cBUL |
||
| 080 |
_aВтора световна война _b94(100)"1939/1945" _z94(100)"1939/1945" _9392356 |
||
| 084 | _aФ 83 | ||
| 100 |
_aФридман, Това _9494614 |
||
| 245 |
_aДъщерята на Аушвиц _cТова Фридман, Малкълм Брабант ; прев. от англ. Елена Кодинова |
||
| 260 |
_aСофия _bПрозорец _c2024 _9209461 |
||
| 300 |
_a304 с. _c22 см |
||
| 380 | _a9 | ||
| 500 | _aОриг. загл.: The daughter of Auschwitz / Tova Friedman, Malcolm Brabant. - Загл. в изд. каре: Дъщерята на "Аушвиц". - Биогр. данни за авт. отбелязани на гърба на кор. | ||
| 650 | 4 |
_aКонцентрационни лагери _9265874 |
|
| 650 | 4 |
_aВтора световна война - жестокости _9265154 |
|
| 653 | _aконцлагеристи | ||
| 653 | _aконцентрационни лагери | ||
| 700 |
_aБрабант, Малкълм _9494615 |
||
| 700 |
_aКодинова, Елена Любенова _eпрев. _9966 |
||
| 852 |
_aЦб 324546 _bЦб |
||
| 856 | 4 | _qpdf | |
| 856 | 4 | _qpdf | |
| 942 |
_cKNG _n0 _s1 _011 |
||
| 944 |
_cВиолета Тройчева _lЦветелина Шанова _k30531 |
||
| 999 |
_c517187 _d517187 |
||
| 999 | _d517187 | ||
| 999 | _d517187 | ||